LEADER 01152nam a2200265 4500 001 000000362423 003 CaOOAMICUS 005 20250407145623.0 008 250402s2010 it 000 u ita r 020 $a978-88-6190-093-6 040 $aSeMil$bita 100 1 $aPinotti, Ferruccio,$d<1959- >.$0(OLS)http://semarc/name/92697 245 13$aLa lobby di Dio /$cFerruccio Pinotti ; in collaborazione con Giovanni Viafora. 264 1$aMilano :$bChiarelettere,$c2010. 300 $a464 p. ;$c21 cm 650 4$aComunione e liberazione - Inchieste.$0(OLS)http://semarc/subject/57408 650 4$aCompagnia delle Opere - Inchieste.$0(OLS)http://semarc/subject/57409 700 1 $aViafora, Giovanni.$0(OLS)http://semarc/name/121822 850 $aSeMil 852 $aSeMil$W1$xVenegono$y1$m3M II 448$j255831$B253339$CSeMilBibl$Z2$F253339 $81 961 $aBuzzi mons. Franco - Omaggio 996 $6020$a978-88-6190-093-6$9(OLS)http://semarc/number/302912 996 $6245$aLa lobby di Dio$9(OLS)http://semarc/title/453332 996 $6264$aMilano :$bChiarelettere$9(OLS)http://semarc/publisher/35000 LEADER 00931nas a2200229 i 4500 001 000000118493 003 CaOOAMICUS 005 20050715000000.0 008 050715s1963 xxuuu u0 0eng r 013 $a91186 040 $aSeMil$bita 100 1 $aLepp, Ignace.$0(OLS)http://semarc/name/9750 245 10$aAtheism in our time /$cby Ignace Lepp ; translated by Bernard Murchland. 260 $aNew York :$bThe Macmillan Company,$cCopyr. 1963. 300 $a195 p. ;$c22 cm. 650 4$aAteismo.$0(OLS)http://semarc/subject/2022 650 4$aFilosofia e ateismo.$0(OLS)http://semarc/subject/22118 700 1 $aMurchland, Bernard.$0(OLS)http://semarc/name/49462 850 $aSeMil 852 $aSeMil$W1$xVenegono$y1$m2R II 269$j73797$B73797$CSeMilBibl$Z2$F100395 $81 996 $6245$aAtheism in our time$9(OLS)http://semarc/title/174089 996 $6260$aNew York :$bThe Macmillan Company$9(OLS)http://semarc/publisher/40267